[Event "ICS rated standard match"]
[Site "204.178.125.65"]
[Date "2000.07.24"]
[Round "?"]
[White "Hossa"]
[Black "PostModernist"]
[Result "0-1"]
[WhiteElo "2318"]
[BlackElo "2345"]
[PlyCount "120"]
[EventDate "2000.??.??"]

1. e4 c5 2. Nf3 g6 3. d4 Bg7 4. dxc5 Nf6 5. Nc3 Qa5 6. e5 Ne4 7. Qd4 Nxc3 8.
Bd2 Nb5 9. Qf4 Qc7 10. Bxb5 Qxc5 11. Ba4 O-O 12. O-O a5 13. c3 d6 14. exd6 e5
15. Qh4 Qxd6 16. Bh6 Bxh6 17. Qxh6 f6 18. Rfd1 Qb6 19. Bb3+ Be6 20. Nd2 Bxb3
21. axb3 Nc6 22. Nc4 Qxb3 23. Rd7 Rf7 24. Rxf7 Kxf7 25. Qxh7+ Ke6 26. Qh3+ f5
27. Qd3 Rd8 28. Qe2 Qb5 29. Re1 e4 30. Ra1 Rd5 31. Re1 Ne5 32. Ne3 Qxe2 33.
Rxe2 Rd7 34. h3 a4 35. Kh2 Rd8 36. Nc2 Rd3 37. f3 exf3 38. gxf3 f4 39. Kg2 g5
40. Nb4 Re3 41. Rxe3 fxe3 42. Kf1 Nxf3 43. Nd3 Nd2+ 44. Ke2 b6 45. Nc1 Ke5 46.
Nd3+ Ke4 47. Nc1 Nf3 48. Kf1 b5 49. Ke2 Ng1+ 50. Ke1 Nxh3 51. Ne2 Nf4 52. Nd4
b4 53. Nb5 b3 54. c4 g4 55. Nc3+ Kf3 56. Kf1 g3 57. Kg1 Nh3+ 58. Kh1 g2+ 59.
Kh2 g1=Q+ 60. Kxh3 Qg3# {Hossa checkmated} 0-1

[Event "ICS rated standard match"]
[Site "204.178.125.65"]
[Date "2000.07.24"]
[Round "?"]
[White "PostModernist"]
[Black "Hossa"]
[Result "1/2-1/2"]
[WhiteElo "2360"]
[BlackElo "2303"]
[PlyCount "197"]
[EventDate "2000.??.??"]

1. d4 Nf6 2. c4 e6 3. Nf3 b6 4. g3 Ba6 5. b3 Bb4+ 6. Bd2 Bxd2+ 7. Qxd2 Ne4 8.
Qc2 Bb7 9. Bg2 Na6 10. a3 c5 11. Nc3 Nxc3 12. Qxc3 Qf6 13. O-O cxd4 14. Qxd4
Qxd4 15. Nxd4 Bxg2 16. Kxg2 Nc5 17. Rab1 a6 18. a4 Ke7 19. Rfd1 Rad8 20. h4 f6
21. e3 Kf7 22. Ra1 g5 23. hxg5 fxg5 24. b4 Nb7 25. Nb3 Kf6 26. a5 bxa5 27. Nxa5
Nxa5 28. Rxa5 Rb8 29. Rxd7 Rxb4 30. c5 h5 31. Rxa6 h4 32. gxh4 gxh4 33. Kh3 Rc4
34. Rdd6 Re4 35. Rd4 Rxd4 36. exd4 Kf5 37. Rd6 Rh7 38. c6 Rh8 39. f3 Rc8 40.
Kxh4 Kf4 41. Kh3 Kxf3 42. Kh4 Kf4 43. Kh5 Kf5 44. Kh6 Rc7 45. d5 exd5 46. Rxd5+
Ke6 47. Rc5 Kd6 48. Rf5 Kxc6 49. Kg6 Kd6 50. Kf6 Kd7 51. Rf1 Ke8 52. Ke6 Rg7
53. Ra1 Rg6+ 54. Ke5 Kf8 55. Ra8+ Kg7 56. Ra7+ Kh6 57. Ra1 Kh7 58. Kf5 Rh6 59.
Rg1 Kh8 60. Ke5 Rh5+ 61. Kf6 Kh7 62. Rg7+ Kh8 63. Rg3 Kh7 64. Rg4 Kh6 65. Rg8
Kh7 66. Rg3 Kh6 67. Rg6+ Kh7 68. Rg1 Kh6 69. Rd1 Rh4 70. Re1 Kh7 71. Kg5 Rh3
72. Re7+ Kh8 73. Kg6 Rg3+ 74. Kf5 Kg8 75. Ra7 Kh8 76. Ke5 Kg8 77. Ke6 Kh8 78.
Rf7 Kg8 79. Rd7 Kh8 80. Ra7 Kg8 81. Rb7 Kh8 82. Kd5 Kg8 83. Kd6 Kh8 84. Ke5 Kg8
85. Kf6 Rh3 86. Rg7+ Kh8 87. Rg1 Kh7 88. Ke5 Kh8 89. Ke4 Kh7 90. Kd4 Kh8 91.
Kd5 Kh7 92. Ke4 Kh6 93. Rg8 Kh7 94. Rg2 Kh8 95. Kd4 Kh7 96. Kd5 Kh8 97. Ke5 Kh7
98. Ke6 Kh8 99. Rg4 1/2-1/2

[Event "ICS rated standard match"]
[Site "204.178.125.65"]
[Date "2000.07.24"]
[Round "?"]
[White "Hossa"]
[Black "PostModernist"]
[Result "0-1"]
[WhiteElo "2306"]
[BlackElo "2357"]
[PlyCount "92"]
[EventDate "2000.??.??"]

1. d4 Nf6 2. c4 c5 3. d5 g6 4. Nc3 Bg7 5. e4 d6 6. Be2 e6 7. Nf3 O-O 8. Bg5 h6
9. Bd2 exd5 10. exd5 Bf5 11. O-O Ne4 12. Nxe4 Bxe4 13. Qc1 g5 14. Bc3 Re8 15.
Bxg7 Kxg7 16. Re1 Nd7 17. Nd2 Bg6 18. a4 Qf6 19. Ra3 Ne5 20. Rb3 b6 21. Re3 Kh7
22. Ne4 Bxe4 23. Rxe4 Ng6 24. Bd3 Rxe4 25. Bxe4 Kg7 26. Re3 Re8 27. Qc2 h5 28.
Kh1 Nf4 29. a5 bxa5 30. Re1 Qd4 31. f3 f5 32. Rd1 Qe3 33. Qa4 Re7 34. b3 fxe4
35. fxe4 h4 36. Qa1+ Kg6 37. Re1 Qf2 38. Rg1 h3 39. Qf1 hxg2+ 40. Qxg2 Nxg2 41.
Rxg2 Qe1+ 42. Rg1 Qxe4+ 43. Rg2 Qf3 44. h4 Qh3+ 45. Kg1 Re1+ 46. Kf2 Qe3# {
Hossa checkmated} 0-1

[Event "ICS rated standard match"]
[Site "204.178.125.65"]
[Date "2000.07.24"]
[Round "?"]
[White "QueenMaxima"]
[Black "Hossa"]
[Result "1-0"]
[WhiteElo "2274"]
[BlackElo "2292"]
[PlyCount "93"]
[EventDate "2000.??.??"]

1. d4 Nf6 2. Bf4 g6 3. Nf3 d6 4. e3 Bg7 5. h3 O-O 6. Nbd2 c5 7. Be2 Nc6 8. c3
cxd4 9. exd4 Nd5 10. Bg3 Bh6 11. O-O Bd7 12. Re1 Nf4 13. Bb5 a6 14. Bf1 d5 15.
Qb3 Bc8 16. Rad1 b6 17. Ne5 Na5 18. Qa3 Nh5 19. Bh4 g5 20. Be2 gxh4 21. Bxh5
Bf4 22. Qa4 Qc7 23. Qc2 e6 24. Ndf3 Bb7 25. Nxh4 Nc6 26. Ng4 f5 27. Ne3 Qg7 28.
g3 Bb8 29. Neg2 Bc8 30. c4 f4 31. gxf4 Bxf4 32. Qc3 Bg5 33. Nf3 dxc4 34. d5 Qh6
35. Nxg5 Qxg5 36. dxc6 Qxh5 37. Rd4 Rf3 38. Rd8+ Rf8 39. c7 Qf7 40. Re3 h6 41.
Rf3 Re8 42. Rxe8+ Qxe8 43. Rg3+ Qg6 44. Rxg6+ Kf8 45. Qg7+ Ke8 46. Rf6 Bb7 47.
Rf8# {Hossa checkmated} 1-0

[Event "ICS rated standard match"]
[Site "204.178.125.65"]
[Date "2000.07.24"]
[Round "?"]
[White "Hossa"]
[Black "QueenMaxima"]
[Result "0-1"]
[WhiteElo "2275"]
[BlackElo "2291"]
[PlyCount "126"]
[EventDate "2000.??.??"]

1. e4 c5 2. c3 d5 3. exd5 Qxd5 4. d4 e6 5. Nf3 Nf6 6. Na3 Qd8 7. Bg5 Nc6 8.
dxc5 Bxc5 9. Qxd8+ Nxd8 10. b4 Be7 11. Bb5+ Nc6 12. Ne5 Bd7 13. Nxd7 Nxd7 14.
Bxe7 Kxe7 15. O-O-O Nde5 16. Bxc6 Nxc6 17. Rhe1 Rac8 18. Kb2 Rhd8 19. f4 f6 20.
Nb5 a6 21. Na3 e5 22. Nc4 Rxd1 23. Rxd1 exf4 24. Nb6 Re8 25. Nd5+ Kf8 26. Kc2
Re4 27. Kd3 f5 28. Rd2 Ne5+ 29. Kc2 Kf7 30. Rf2 g5 31. Nb6 Ng4 32. Rd2 Nxh2 33.
Nc8 Kf6 34. Nd6 Re7 35. Rf2 Rd7 36. Nc4 Ng4 37. Re2 b5 38. Nb6 Rd6 39. Na8 Ne3+
40. Kb3 Rc6 41. a3 Nd5 42. Rd2 Ke5 43. Kb2 h5 44. Re2+ Ne3 45. Kb3 Ke4 46. Rd2
Nd5 47. Rd4+ Ke5 48. Rd3 h4 49. Kb2 Ne3 50. Rd8 Nxg2 51. Re8+ Kf6 52. Rf8+ Kg6
53. Rh8 f3 54. Rg8+ Kh5 55. a4 f2 56. axb5 axb5 57. Kb3 f1=Q 58. Rh8+ Kg4 59.
Kb2 Qe2+ 60. Kb3 Ra6 61. Rxh4+ Nxh4 62. c4 Ra2 63. cxb5 Qc2# {Hossa checkmated}
0-1

[Event "ICS rated standard match"]
[Site "204.178.125.65"]
[Date "2000.07.24"]
[Round "?"]
[White "QueenMaxima"]
[Black "Hossa"]
[Result "1-0"]
[WhiteElo "2306"]
[BlackElo "2262"]
[PlyCount "209"]
[EventDate "2000.??.??"]

1. d4 Nf6 2. Bf4 g6 3. Nf3 d6 4. e3 Bg7 5. h3 O-O 6. Nbd2 c5 7. Be2 Nd5 8. Bh2
cxd4 9. exd4 Bh6 10. O-O Bd7 11. Bc4 Nf4 12. Re1 b5 13. Bb3 Nc6 14. a4 Na5 15.
Bxf4 Bxf4 16. Bd5 Rb8 17. b4 e6 18. axb5 Rxb5 19. Rxa5 Rxa5 20. bxa5 exd5 21.
Nb3 Bb5 22. Nh2 Qc7 23. Ng4 Bg5 24. Ne3 Bxe3 25. Rxe3 Rc8 26. Qf3 Qxc2 27. Re7
Rf8 28. Rxa7 Ba4 29. Rb7 Qc6 30. Rb4 Re8 31. Nd2 Re1+ 32. Kh2 Qc2 33. Rb7 Be8
34. Nb3 Re2 35. Rb8 Re1 36. a6 Qc7 37. Rb7 Qc6 38. Qd3 Kg7 39. Rb4 Qa8 40. Qd2
Re6 41. Rb6 Qa7 42. Qa5 Re2 43. Rb7 Qa8 44. Nc1 Rc2 45. a7 Rc8 46. Qb6 Rc6 47.
Rb8 Rxb6 48. Rxa8 Rb7 49. Na2 Re7 50. Nc3 Bc6 51. Rc8 Bb7 52. Rb8 Bc6 53. a8=B
Bxa8 54. Rxa8 Rc7 55. Nxd5 Rc4 56. Rd8 Rxd4 57. Rxd6 h5 58. Kg3 Kh6 59. Kf3 Ra4
60. Ke3 Kg7 61. Nc3 Ra1 62. Rd7 Rg1 63. Kf3 Re1 64. Ne4 Ra1 65. Nd6 Ra3+ 66.
Kf4 Ra4+ 67. Kg3 Kf6 68. Nxf7 g5 69. Nd8 Ra3+ 70. Kh2 h4 71. Nc6 Ra2 72. Rd6+
Kf7 73. f3 Re2 74. Kg1 Rc2 75. Ne5+ Ke7 76. Rg6 Rc8 77. Rxg5 Rc1+ 78. Kh2 Kf6
79. Rh5 Ke6 80. f4 Rc3 81. Nf3 Rc1 82. Re5+ Kd6 83. Nxh4 Rf1 84. Kg3 Kc6 85.
Kg4 Rf2 86. g3 Rf1 87. Nf3 Kd6 88. f5 Rb1 89. f6 Rb8 90. Kf5 Rb7 91. Kg6 Rb3
92. Rf5 Rb8 93. f7 Rh8 94. f8=Q+ Rxf8 95. Rxf8 Kd5 96. h4 Kc5 97. Rf6 Kc4 98.
h5 Kc5 99. h6 Kc4 100. h7 Kc5 101. h8=Q Kc4 102. Rb6 Kd3 103. Qd4+ Ke2 104.
Rb2+ Kxf3 105. Qf4# {Hossa checkmated} 1-0

[Event "ICS Rated standard match"]
[Site "204.178.125.65"]
[Date "2000.07.24"]
[Round "?"]
[White "Hossa"]
[Black "chesscuban"]
[Result "1-0"]
[WhiteElo "2248"]
[BlackElo "2012"]
[PlyCount "57"]
[EventDate "2000.??.??"]

1. e4 c5 2. c3 d5 3. Bb5+ Nc6 4. exd5 Qxd5 5. Nf3 a6 6. Bxc6+ Qxc6 7. d4 Bg4 8.
d5 Qf6 9. Qa4+ Bd7 10. Qf4 g6 11. Ne5 Qxf4 12. Bxf4 Nf6 13. Nxd7 Kxd7 14. Be5
Bg7 15. Nd2 b5 16. a4 c4 17. Nf3 Rhd8 18. g4 Ke8 19. axb5 axb5 20. Rxa8 Rxa8
21. O-O Kf8 22. d6 Ne8 23. Bxg7+ Nxg7 24. d7 Ne6 25. Rd1 Rd8 26. Ne5 Nc5 27.
Rd5 f6 28. Rxc5 e6 29. Rc8 {chesscuban resigns} 1-0

[Event "ICS rated standard match"]
[Site "204.178.125.65"]
[Date "2000.07.24"]
[Round "?"]
[White "QueenMaxima"]
[Black "Hossa"]
[Result "1/2-1/2"]
[WhiteElo "2320"]
[BlackElo "2251"]
[PlyCount "180"]
[EventDate "2000.??.??"]

1. d4 e6 2. c3 Nf6 3. Nf3 Be7 4. g3 d5 5. Bg2 O-O 6. O-O c5 7. Bf4 Nc6 8. Nbd2
cxd4 9. Nxd4 Nxd4 10. cxd4 Nh5 11. Be3 Bd7 12. Qb3 a6 13. Bf3 Nf6 14. Bf4 Bc6
15. Rac1 Rc8 16. Nb1 Re8 17. Bg2 Bd6 18. Bxd6 Qxd6 19. Rc2 Bd7 20. Rfc1 Rxc2
21. Rxc2 Qb8 22. Nc3 b6 23. Qa3 a5 24. Na4 Qb7 25. Qb3 Rb8 26. h3 Ne8 27. Nc3
Nd6 28. Rc1 Rc8 29. Qd1 b5 30. Nb1 b4 31. Rc5 a4 32. Rxc8+ Qxc8 33. e3 Qc4 34.
b3 axb3 35. axb3 Qa6 36. Qc2 Qc8 37. Qxc8+ Bxc8 38. Bf1 Ne4 39. Bd3 Nc3 40. Kg2
Ba6 41. Bxa6 Nxb1 42. Bd3 Nd2 43. Bc2 g5 44. f3 h5 45. g4 hxg4 46. hxg4 f5 47.
gxf5 exf5 48. Kf2 g4 49. Bxf5 Kf7 50. Bxg4 Nxb3 51. Ke2 Na5 52. e4 b3 53. Kd3
b2 54. Kc2 dxe4 55. fxe4 Nc4 56. Kb1 Nd2+ 57. Kxb2 Nxe4 58. Kb3 Ke7 59. Bf5 Nd6
60. Bd3 Nc8 61. Kc4 Kd6 62. Be4 Ne7 63. Kd3 Nc6 64. Bxc6 Kxc6 65. Ke4 Kd6 66.
d5 Ke7 67. Ke5 Kd7 68. Kd4 Ke7 69. Kc5 Kd7 70. d6 Kd8 71. Kc6 Kc8 72. Kd5 Kd8
73. Ke6 Ke8 74. Kf6 Kd8 75. Kf5 Kd7 76. Ke5 Kd8 77. Kd4 Ke8 78. Ke4 Kd8 79. Ke5
Kd7 80. Kd5 Kd8 81. Ke4 Ke8 82. Kd4 Kd8 83. Kd5 Kd7 84. Ke5 Kd8 85. Kf4 Ke8 86.
Kg5 Kd8 87. Kf6 Kd7 88. Kg6 Ke6 89. d7 Ke7 90. d8=Q+ Kxd8 1/2-1/2

[Event "ICS rated bullet match"]
[Site "204.178.125.65"]
[Date "2000.07.24"]
[Round "?"]
[White "JSBach"]
[Black "Hossa"]
[Result "0-1"]
[WhiteElo "2123"]
[BlackElo "2497"]
[PlyCount "140"]
[EventDate "2000.??.??"]

1. d4 Nf6 2. Bg5 e6 3. Nf3 h6 4. Bf4 d6 5. e3 Be7 6. Bd3 Nh5 7. Bb5+ Nc6 8.
Bxc6+ bxc6 9. O-O Ba6 10. Re1 Nxf4 11. exf4 O-O 12. Nc3 Qd7 13. Rc1 Rfd8 14.
Kh1 Rdb8 15. b3 Re8 16. Kg1 Rad8 17. Qd2 c5 18. dxc5 dxc5 19. Rcd1 Qxd2 20.
Nxd2 g6 21. Re5 Rd4 22. Nde4 Rxd1+ 23. Nxd1 Rd8 24. Ne3 Bd6 25. Nxd6 cxd6 26.
Re4 Bb5 27. h3 f5 28. Rxe6 Kf7 29. Nd5 Kxe6 30. Nc7+ Kd7 31. Nxb5 Re8 32. Kf1
Kc6 33. c4 a6 34. Nc3 Kb7 35. Nd5 a5 36. h4 h5 37. Nf6 Re6 38. Nd5 Re4 39. f3
Re8 40. Nf6 Ra8 41. Ke2 a4 42. Ke3 axb3 43. axb3 Ra3 44. Ke2 Rxb3 45. g4 hxg4
46. fxg4 Rc3 47. gxf5 gxf5 48. Nd5 Rxc4 49. Ke3 Rc1 50. h5 Rh1 51. Nf6 Kc6 52.
Kd2 Rh2+ 53. Kd3 d5 54. Ke3 d4+ 55. Kf3 d3 56. Kg3 Rh1 57. Kg2 Rxh5 58. Kf3 Rh2
59. Kg3 Rh1 60. Kg2 Re1 61. Nd5 Kxd5 62. Kg3 c4 63. Kf2 d2 64. Kf3 c3 65. Kg3
c2 66. Kg2 Ke4 67. Kf2 Kxf4 68. Kg2 d1=Q 69. Kh2 Re2+ 70. Kh3 Qh1# {
JSBach checkmated} 0-1

[Event "ICS Rated standard match"]
[Site "204.178.125.65"]
[Date "2000.07.24"]
[Round "?"]
[White "Hossa"]
[Black "QueenMaxima"]
[Result "1/2-1/2"]
[WhiteElo "2254"]
[BlackElo "2321"]
[PlyCount "207"]
[EventDate "2000.??.??"]

1. e4 c5 2. c3 d5 3. Bb5+ Bd7 4. Bxd7+ Qxd7 5. e5 Qf5 6. d4 cxd4 7. cxd4 e6 8.
Ne2 Nc6 9. Ng3 Bb4+ 10. Nc3 Qg6 11. O-O Nge7 12. Nb5 O-O 13. a3 a6 14. h4 h6
15. Nc3 Ba5 16. Be3 Rac8 17. h5 Qh7 18. b4 Bb6 19. Rc1 Nf5 20. Nxf5 Qxf5 21. g4
Qh7 22. Na4 Ba7 23. Nc5 Bxc5 24. Rxc5 b6 25. Rc3 Na7 26. Rd3 Rc4 27. g5 hxg5
28. Bxg5 Nb5 29. Be7 Rfc8 30. a4 Nc3 31. Qf3 Qe4 32. Qxe4 dxe4 33. Rh3 Rxd4 34.
h6 Nd5 35. h7+ Kh8 36. Bd6 Nxb4 37. a5 bxa5 38. Rh4 f5 39. Kg2 Rd2 40. Kg1 Nd3
41. Rh3 Rb2 42. Rh4 Rcc2 43. Bf8 Rb7 44. Rh5 Nf4 45. Rh2 a4 46. Rd1 Rd2 47. Ra1
Rdb2 48. Re1 Rb1 49. Kf1 Rxe1+ 50. Kxe1 Nd3+ 51. Kd2 Nxe5 52. Rh5 Nf3+ 53. Kc3
g6 54. Rh6 Ne5 55. Kd4 Ng4 56. Rxg6 Rd7+ 57. Kc3 Rc7+ 58. Kb4 Rc6 59. Rg7 a3
60. Kxa3 e3 61. fxe3 Rc3+ 62. Kb4 Rxe3 63. Re7 Re2 64. Ra7 f4 65. Rf7 e5 66.
Kc4 Rh2 67. Bg7+ Kxh7 68. Bxe5+ Kg6 69. Bxf4 Rf2 70. Rf8 Kg7 71. Bh6+ Kxh6 72.
Rxf2 Nxf2 73. Kc5 Nd3+ 74. Kb6 Nb4 75. Ka5 Kg5 76. Kxb4 Kf4 77. Kc4 Ke5 78. Kd3
Kd5 79. Ke3 Kc4 80. Kd2 Kb4 81. Kc2 a5 82. Kd2 Kc4 83. Kc2 a4 84. Kd2 Kb3 85.
Kc1 Kc3 86. Kb1 Kc4 87. Kc1 Kb3 88. Kb1 Kc3 89. Kc1 Kd4 90. Kd1 Kc5 91. Kd2 Kb4
92. Kc2 a3 93. Kb1 Kb5 94. Kc1 Kc5 95. Kc2 Kc4 96. Kb1 Kb4 97. Kc1 Kc3 98. Kb1
Kb3 99. Ka1 Ka4 100. Kb1 Ka5 101. Kc1 Kb5 102. Kc2 a2 103. Kb2 a1=Q+ 104. Kxa1
1/2-1/2

[Event "ICS rated standard match"]
[Site "204.178.125.65"]
[Date "2000.07.24"]
[Round "?"]
[White "QueenMaxima"]
[Black "Hossa"]
[Result "1-0"]
[WhiteElo "2318"]
[BlackElo "2257"]
[PlyCount "83"]
[EventDate "2000.??.??"]

1. d4 Nf6 2. Bf4 g6 3. Nf3 d6 4. e3 Bg7 5. h3 O-O 6. Nbd2 c5 7. Be2 Nc6 8. c3
cxd4 9. exd4 Nd5 10. Bg3 Bh6 11. O-O Bd7 12. Re1 Nf4 13. Bc4 Na5 14. Bf1 Rc8
15. Bh4 Re8 16. Bg5 Bxg5 17. Nxg5 h6 18. Nge4 Qc7 19. Qf3 d5 20. Nc5 Bc6 21. g3
Nh5 22. Qe3 g5 23. h4 gxh4 24. Qxh6 hxg3 25. Qxh5 Qf4 26. fxg3 Qxg3+ 27. Bg2
Nc4 28. Nxc4 dxc4 29. d5 Bxd5 30. Qxd5 Qg6 31. Re5 e6 32. Qe4 Qh6 33. Rf1 Kh8
34. Rxf7 Rcd8 35. Qf3 Kg8 36. Rxb7 Qg6 37. Rg5 Rd1+ 38. Kh2 Rh1+ 39. Bxh1 Kh8
40. Qh3+ Kg8 41. Rxg6+ Kf8 42. Qh6# {Hossa checkmated} 1-0

[Event "ICS rated standard match"]
[Site "204.178.125.65"]
[Date "2000.07.24"]
[Round "?"]
[White "Hossa"]
[Black "Sofie"]
[Result "0-1"]
[WhiteElo "2244"]
[BlackElo "2062"]
[PlyCount "132"]
[EventDate "2000.??.??"]

1. e4 e5 2. Nf3 Nc6 3. Nc3 Nf6 4. d4 exd4 5. Nxd4 Bc5 6. Nxc6 dxc6 7. Qxd8+
Kxd8 8. Bg5 h6 9. Bxf6+ gxf6 10. Rd1+ Ke7 11. a3 a5 12. Bc4 Be6 13. Bxe6 fxe6
14. Na4 Bd6 15. g3 b5 16. Nc3 b4 17. Nb1 c5 18. Nd2 Be5 19. Nc4 Bd4 20. a4 h5
21. Rd3 h4 22. c3 hxg3 23. fxg3 Be5 24. Nxe5 fxe5 25. Rf3 Rh3 26. O-O Rah8 27.
R1f2 Kd6 28. Rd2+ Kc6 29. Rf6 R3h6 30. Rxh6 Rxh6 31. Rd8 Rf6 32. Kg2 Rf7 33.
Re8 Rd7 34. Rxe6+ Kb7 35. h3 Rd2+ 36. Kf3 b3 37. Rxe5 Rxb2 38. Rd5 Rc2 39. Rd1
Rxc3+ 40. Kf4 b2 41. Rb1 Rb3 42. e5 c4 43. Ke4 c5 44. e6 Kc6 45. e7 Kd7 46. g4
Kxe7 47. h4 Kf6 48. Rf1+ Kg7 49. Rb1 Kg6 50. h5+ Kg5 51. h6 Kxh6 52. Rh1+ Kg5
53. Rf1 Kxg4 54. Rb1 Kg3 55. Rg1+ Kf2 56. Rg5 b1=Q+ 57. Kd5 Qd3+ 58. Ke5 Qe3+
59. Kf5 Qxg5+ 60. Kxg5 Rf3 61. Kg4 c3 62. Kg5 c2 63. Kg6 c1=Q 64. Kh5 Qg1 65.
Kh4 Qg2 66. Kh5 Rh3# {Hossa checkmated} 0-1

[Event "ICS rated standard match"]
[Site "204.178.125.65"]
[Date "2000.07.24"]
[Round "?"]
[White "Hossa"]
[Black "Nikipiki1"]
[Result "1-0"]
[WhiteElo "2237"]
[BlackElo "2126"]
[PlyCount "47"]
[EventDate "2000.??.??"]

1. d4 Nf6 2. c4 e6 3. Nf3 Bb4+ 4. Bd2 Bxd2+ 5. Qxd2 d6 6. e3 Nbd7 7. Nc3 O-O 8.
O-O-O c6 9. h4 Qa5 10. Kb1 e5 11. Nd5 Qxd2 12. Ne7+ Kh8 13. Rxd2 Ne4 14. Re2
Re8 15. Nxc8 Raxc8 16. g3 exd4 17. exd4 Nb6 18. Kc2 d5 19. Bh3 Rcd8 20. c5 Nd7
21. Rhe1 Kg8 22. Bxd7 Rxd7 23. Nd2 Rde7 24. f3 {Nikipiki1 resigns} 1-0

[Event "ICS rated standard match"]
[Site "204.178.125.65"]
[Date "2000.07.24"]
[Round "?"]
[White "elnen2"]
[Black "Hossa"]
[Result "0-1"]
[WhiteElo "2100"]
[BlackElo "2240"]
[PlyCount "68"]
[EventDate "2000.??.??"]

1. e4 e5 2. Nf3 Nc6 3. c3 Nf6 4. d4 Nxe4 5. d5 Nb8 6. Nxe5 Bc5 7. Qg4 Nxf2 8.
Qxg7 Rf8 9. Be2 Qe7 10. Rf1 d6 11. Bh6 dxe5 12. Qxf8+ Qxf8 13. Bxf8 Kxf8 14.
Rxf2 Bxf2+ 15. Kxf2 Nd7 16. Bd3 Nf6 17. c4 Ng4+ 18. Kg3 f5 19. h3 f4+ 20. Kf3
Nf6 21. Nc3 Bd7 22. Re1 Re8 23. Ne4 Nxe4 24. Bxe4 Re7 25. d6 cxd6 26. Rd1 Be6
27. b3 b5 28. cxb5 Rd7 29. Bc6 Rd8 30. Ke4 Ke7 31. Bd5 Rg8 32. Rd2 Rg3 33. Re2
Kf6 34. Bc6 d5+ {elnen2 resigns} 0-1

[Event "ICS rated standard match"]
[Site "204.178.125.65"]
[Date "2000.07.24"]
[Round "?"]
[White "Hossa"]
[Black "IgorM"]
[Result "1-0"]
[WhiteElo "2247"]
[BlackElo "2200"]
[PlyCount "25"]
[EventDate "2000.??.??"]

1. d4 d5 2. c4 dxc4 3. Nf3 Nf6 4. e3 Bg4 5. Bxc4 Bxf3 6. Qxf3 e6 7. Qxb7 Nbd7
8. Nc3 Be7 9. Nb5 Bb4+ 10. Ke2 Bd6 11. Nxa7 Rb8 12. Qf3 O-O 13. Nc6 {
IgorM resigns} 1-0

[Event "ICS rated standard match"]
[Site "204.178.125.65"]
[Date "2000.07.24"]
[Round "?"]
[White "PostModernist"]
[Black "Hossa"]
[Result "1-0"]
[WhiteElo "2371"]
[BlackElo "2248"]
[PlyCount "109"]
[EventDate "2000.??.??"]

1. e4 e5 2. Bc4 Nf6 3. d3 Nc6 4. Nf3 d5 5. exd5 Nxd5 6. O-O Be7 7. Nbd2 O-O 8.
c3 a6 9. a4 Nb6 10. Re1 Nxc4 11. Nxc4 f6 12. d4 exd4 13. Nxd4 Nxd4 14. cxd4 Re8
15. Bf4 g5 16. Bg3 Rf8 17. Qb3 Kh8 18. Bxc7 Qxc7 19. Nb6 Bd6 20. Nxa8 Bxh2+ 21.
Kh1 Qf4 22. Qb4 Qd6 23. Qxd6 Bxd6 24. Nb6 Bf5 25. Nd5 Bd7 26. a5 Kg7 27. Rac1
h5 28. Nb6 Bf5 29. Nd5 Bd7 30. Kg1 h4 31. Nb6 Bf5 32. d5 Rh8 33. Nc4 Bb4 34.
Re3 Rc8 35. Rb3 Bd2 36. Rxb7+ Kg6 37. Rd1 Rxc4 38. Rxd2 Rc1+ 39. Kh2 Bc8 40.
Ra7 g4 41. d6 Ra1 42. Rxa6 Bxa6 43. d7 g3+ 44. fxg3 hxg3+ 45. Kxg3 Rxa5 46.
d8=Q Rg5+ 47. Kh2 Rh5+ 48. Kg1 Rf5 49. Qg8+ Kh6 50. Rd7 Rf1+ 51. Kh2 Bd3 52.
Rg7 Rh1+ 53. Kxh1 Kh5 54. Qh8+ Bh7 55. Qxh7# {Hossa checkmated} 1-0

[Event "ICS Rated standard match"]
[Site "204.178.125.65"]
[Date "2000.07.25"]
[Round "?"]
[White "Hossa"]
[Black "Bootemout"]
[Result "1-0"]
[WhiteElo "2254"]
[BlackElo "1982"]
[PlyCount "129"]
[EventDate "2000.??.??"]

1. e4 c6 2. d4 d5 3. e5 e6 4. Nf3 c5 5. dxc5 Bxc5 6. Be2 Nc6 7. Nc3 a6 8. a3
Qc7 9. Bf4 Nge7 10. Bd3 h6 11. O-O b5 12. b4 Bb6 13. Bxb5 axb5 14. Nxb5 Qb8 15.
Nd6+ Kf8 16. b5 Na5 17. a4 Ng6 18. Bd2 Qc7 19. Bb4 Kg8 20. Qd3 Kh7 21. h4 Kg8
22. Rfd1 Ne7 23. Qd2 Bb7 24. h5 Nf5 25. Nxf5 exf5 26. Qd3 Qc4 27. Qxc4 Nxc4 28.
Bc3 Kh7 29. Ra2 Rhd8 30. Bd4 Bxd4 31. Nxd4 g6 32. hxg6+ Kxg6 33. f4 Ra7 34. Kf2
Rc8 35. Rd3 Ba8 36. Rg3+ Kh7 37. Nxf5 Rg8 38. Rxg8 Kxg8 39. Nxh6+ Kf8 40. Nf5
Nd2 41. Nd6 Ne4+ 42. Nxe4 dxe4 43. a5 Bd5 44. Ra3 Ke7 45. b6 Ra6 46. c4 Bc6 47.
f5 Kd7 48. Ke2 Ke7 49. Ke3 f6 50. exf6+ Kxf6 51. Kf4 Bb7 52. g4 Ba8 53. g5+ Kf7
54. Ra2 Bb7 55. c5 Ba8 56. g6+ Kf6 57. Rg2 Rxa5 58. g7 Bd5 59. Rg6+ Ke7 60. b7
Rb5 61. f6+ Kd7 62. Rg5 Bf7 63. c6+ Kxc6 64. Rxb5 Kxb5 65. g8=Q {Es droht Matt}
1-0

[Event "ICS rated standard match"]
[Site "204.178.125.65"]
[Date "2000.07.25"]
[Round "?"]
[White "Tinker"]
[Black "Hossa"]
[Result "0-1"]
[WhiteElo "2256"]
[BlackElo "2260"]
[PlyCount "120"]
[EventDate "2000.??.??"]

1. e4 c5 2. Nf3 g6 3. d4 Bg7 4. dxc5 Nf6 5. e5 Ng4 6. e6 fxe6 7. Ng5 Nf6 8. Nc3
O-O 9. Bc4 Qa5 10. O-O Qxc5 11. Qd3 d5 12. Bb3 Bd7 13. Bf4 Nc6 14. Be3 Qd6 15.
Nb5 Qb8 16. Bd2 a6 17. Nc3 Qc7 18. Rae1 Qd6 19. a3 b6 20. Na4 Rab8 21. Re3 h6
22. Nf3 Ng4 23. Qxg6 Nxe3 24. Bxe3 Rf6 25. Qd3 Rxf3 26. gxf3 Ne5 27. Qd1 d4 28.
f4 dxe3 29. Qxd6 exf2+ 30. Rxf2 exd6 31. fxe5 Bxe5 32. Rd2 Kf7 33. Nc3 Ke7 34.
Rg2 Rh8 35. Rg4 Be8 36. Ba4 b5 37. Bb3 Rf8 38. a4 Bc6 39. axb5 axb5 40. h4 h5
41. Rb4 Bxc3 42. bxc3 e5 43. Ba2 Rf3 44. c4 Rf4 45. Rxb5 Bxb5 46. cxb5 Rxh4 47.
Bd5 Rb4 48. c4 Rb2 49. Be4 h4 50. Kf1 h3 51. Kg1 Kf6 52. Kh1 Kg5 53. c5 dxc5
54. Kg1 Kf4 55. Bh1 Kg3 56. Kf1 Rb1+ 57. Ke2 Rxh1 58. b6 Rb1 59. Kd3 Rb4 60. b7
Kf4 0-1

[Event "ICS rated bullet match"]
[Site "204.178.125.65"]
[Date "2000.07.25"]
[Round "?"]
[White "Hossa"]
[Black "duendecilla"]
[Result "1-0"]
[WhiteElo "2500"]
[BlackElo "2367"]
[PlyCount "53"]
[EventDate "2000.??.??"]

1. e4 e6 2. d4 d5 3. Nc3 dxe4 4. Nxe4 Be7 5. Nf3 Nf6 6. Nxf6+ Bxf6 7. Bd3 O-O
8. O-O Nd7 9. c3 e5 10. dxe5 Nxe5 11. Nxe5 Bxe5 12. Bxh7+ Kxh7 13. Qh5+ Kg8 14.
Qxe5 Bd7 15. Bg5 Qc8 16. Be7 Re8 17. Qg5 g6 18. Bf6 Re6 19. Qh4 Rxf6 20. Qxf6
Bc6 21. Rfe1 Qf8 22. Rad1 Qh6 23. Re7 Rf8 24. Rxc7 Qh5 25. Rd8 Kh7 26. Rxf7+
Rxf7 27. Rh8# 1-0

[Event "ICS rated bullet match"]
[Site "204.178.125.65"]
[Date "2000.07.25"]
[Round "?"]
[White "duendecilla"]
[Black "Hossa"]
[Result "1-0"]
[WhiteElo "2357"]
[BlackElo "2510"]
[PlyCount "115"]
[EventDate "2000.??.??"]

1. d4 Nf6 2. f4 e6 3. Nf3 d5 4. e3 c5 5. c3 cxd4 6. exd4 Bd6 7. Bd3 Qc7 8. Ne5
Ne4 9. O-O O-O 10. Qe2 b6 11. Nd2 Nxd2 12. Bxd2 Re8 13. Rf3 a6 14. Bxh7+ Kxh7
15. Rh3+ Kg8 16. Qh5 Kf8 17. Qh8+ Ke7 18. Qxg7 Bxe5 19. fxe5 Rf8 20. Bg5+ Ke8
21. Rh8 Rxh8 22. Qxh8+ Kd7 23. Qf8 Kc6 24. Rf1 a5 25. Rxf7 Bd7 26. h4 Kb5 27.
h5 Qc6 28. h6 Be8 29. Rg7 Bh5 30. h7 Nd7 31. a4+ Kxa4 32. Qd6 Qxd6 33. exd6 Rh8
34. Rxd7 Bg6 35. Bf6 Rf8 36. h8=Q Rxh8 37. Bxh8 Be8 38. Re7 Kb5 39. Rxe8 Kc6
40. Be5 Kd7 41. Re7+ Kd8 42. Rc7 Ke8 43. Bf6 Kf8 44. d7 Kf7 45. d8=Q+ Kg6 46.
Rg7+ Kf5 47. Rg5+ Ke4 48. Qd6 Kd3 49. Qg3+ Kc4 50. Qf2 Kb5 51. Re5 Kc6 52.
Rxe6+ Kb7 53. Re5 Kc6 54. Qf3 Kc7 55. Qxd5 Kb8 56. Re7 Kc8 57. Qd7+ Kb8 58.
Qe8# 1-0